Marvels of Cosmos: Philosophico Theological Appraisal Based on Science Linguistics and Anthropology (Record no. 226890)
[ view plain ]
| 000 -LEADER | |
|---|---|
| fixed length control field | 01300nam a22002897a 4500 |
| 005 - DATE AND TIME OF LATEST TRANSACTION | |
| control field | 20230306092742.0 |
| 008 - FIXED-LENGTH DATA ELEMENTS--GENERAL INFORMATION | |
| fixed length control field | 230306b ||||| |||| 00| 0 eng d |
| 020 ## - INTERNATIONAL STANDARD BOOK NUMBER | |
| International Standard Book Number | 9789351480105 |
| 040 ## - CATALOGING SOURCE | |
| Transcribing agency | AL |
| 041 ## - LANGUAGE CODE | |
| Language code of text/sound track or separate title | English |
| 082 ## - DEWEY DECIMAL CLASSIFICATION NUMBER | |
| Edition number | 23 |
| Classification number | 111.5 |
| Item number | KANM |
| 100 ## - MAIN ENTRY--PERSONAL NAME | |
| Personal name | Lameswar Kanhor |
| 100 ## - MAIN ENTRY--PERSONAL NAME | |
| 9 (RLIN) | 74147 |
| 245 ## - TITLE STATEMENT | |
| Title | Marvels of Cosmos: Philosophico Theological Appraisal Based on Science Linguistics and Anthropology |
| 260 ## - PUBLICATION, DISTRIBUTION, ETC. | |
| Place of publication, distribution, etc. | New Delhi |
| Name of publisher, distributor, etc. | Christian World Imprints |
| Date of publication, distribution, etc. | 2014 |
| 300 ## - PHYSICAL DESCRIPTION | |
| Extent | xxxviii,314 p. |
| Other physical details | HB |
| Dimensions | 22x14 cm. |
| 365 ## - TRADE PRICE | |
| Price type code | 02302 |
| Currency code | ₹ |
| Unit of pricing | ₹1250.00 |
| Price effective from | 01-12-2022 |
| 520 ## - SUMMARY, ETC. | |
| Summary, etc. | The Book deals with the Mathematical Zero and its Philosophical applications, Quantum Reality and Big Bang Cosmology, Quantum Zero and the Origin of the Universe, Philosophic Theological appraisal of the Nothingness, based on linguistic, numerical, physical and inner nothingness along with a general critique and evaluation of the whole study. |
| 650 ## - SUBJECT ADDED ENTRY--TOPICAL TERM | |
| Topical term or geographic name entry element | Philosophy |
| 9 (RLIN) | 74148 |
| 650 ## - SUBJECT ADDED ENTRY--TOPICAL TERM | |
| Topical term or geographic name entry element | Philosophical Theology |
| 9 (RLIN) | 74149 |
| 650 ## - SUBJECT ADDED ENTRY--TOPICAL TERM | |
| Topical term or geographic name entry element | Religion and Science |
| 9 (RLIN) | 74150 |
| 650 ## - SUBJECT ADDED ENTRY--TOPICAL TERM | |
| Topical term or geographic name entry element | Quantum Cosmology |
| 9 (RLIN) | 74151 |
| 650 ## - SUBJECT ADDED ENTRY--TOPICAL TERM | |
| Topical term or geographic name entry element | Numerals--Religious aspects--Christianity |
| 9 (RLIN) | 74152 |
| 650 ## - SUBJECT ADDED ENTRY--TOPICAL TERM | |
| Topical term or geographic name entry element | Anthropological Linguistics |
| 9 (RLIN) | 74153 |
| 650 ## - SUBJECT ADDED ENTRY--TOPICAL TERM | |
| Topical term or geographic name entry element | Big bang theory |
| 9 (RLIN) | 74154 |
| 700 ## - ADDED ENTRY--PERSONAL NAME | |
| Personal name | KANHOR (Lameswar) |
| 9 (RLIN) | 74155 |
| 942 ## - ADDED ENTRY ELEMENTS (KOHA) | |
| Source of classification or shelving scheme | Dewey Decimal Classification |
| Koha item type | Book |
| Withdrawn status | Lost status | Source of classification or shelving scheme | Damaged status | Not for loan | Collection code | Home library | Current library | Date acquired | Source of acquisition | Cost, normal purchase price | Total Checkouts | Full call number | Barcode | Date last seen | Cost, replacement price | Price effective from | Koha item type |
|---|---|---|---|---|---|---|---|---|---|---|---|---|---|---|---|---|---|
| Dewey Decimal Classification | Psychology | St Aloysius Library | St Aloysius Library | 03/02/2023 | Papal Seminary Pune Maharashtra 411014 | 1250.00 | 111.5 KANM | 076435 | 03/06/2023 | 1250.00 | 03/06/2023 | Book |